Φορτώνει......

Pathirappakal /

Λεπτομέρειες βιβλιογραφικής εγγραφής
Κύριος συγγραφέας: Soman katalur
Μορφή: Printed Book
Γλώσσα:Malayalam
Έκδοση: Kozhikode : Kerala Book Trust, 2013.
Θέματα:
LEADER 00565nam a22001697a 4500
008 170213b xxu||||| |||| 00| 0 mal d
020 |a 9788182064482  |c INR 
082 |a 851.87S24 
100 |a Soman katalur 
245 |a Pathirappakal /  |c Soman katalur 
260 |a Kozhikode :  |b Kerala Book Trust,  |c 2013. 
300 |a 66 p. ; 
650 |v Poems  |x Malayalam 
942 |c BK 
546 |a Malayalam 
999 |c 287485  |d 287485 
952 |0 0  |1 0  |4 0  |6 851_000000000000000_87S24_PAT  |7 0  |9 326367  |a FLK  |b FLK  |c ST1  |d 2017-02-13  |e G  |g 55.00  |i G3  |l 0  |o 851.87S24 PAT  |p FLKG3  |r 2017-02-13  |w 2018-08-23  |y BK